000 00476nam a2200157Ia 4500
008 100122s9999 xx 000 0 und d
082 _b41520
_a823
100 _aदेसाई रणजित
245 _aबारी (क.क्र.14/2 )
250 _a3
260 _bमेहता पब्लिकेशन हाऊस
_c1988
300 _a202
630 _aबारी (क.क्र.14/2 )
730 _aबारी (क.क्र.14/2 )
942 _cBOOK
999 _c422138
_d422135